One Word Clues: Movies Quiz Stats

 Plays Quiz Updated Feb 9, 2012

Support Sporcle.
Go Orange.
Score 0/26 Timer 05:00
3 Plays Today
Clue Movie % Correct
clownfishFinding Nemo
84.9%
ogreShrek
84.9%
DeLoreanBack to the Future
81.3%
velociraptorJurassic Park
77.2%
AdrianRocky
73%
WilsonCast Away
66.2%
lampAnchorman
64.8%
basiliskHarry Potter and the Chamber of Secrets
64.2%
KazakhstanBorat: Cultural Learnings of America for Make Benefit Glorious Nation of Kazakhstan
63.7%
gopherCaddyshack
62.6%
togaNational Lampoon's Animal House
60.3%
franklyGone with the Wind
58.5%
yippee-ki-yayDie Hard
58.4%
Clue Movie % Correct
X-WingStar Wars
57.9%
showerPsycho
56.6%
plasticsThe Graduate
50.9%
HAL2001: A Space Odyssey
49.5%
NapalmApocalypse Now
46.4%
inconceivableThe Princess Bride
45.6%
rosebudCitizen Kane
45.4%
JetsWest Side Story
43.4%
Uruk-haiLord of the Rings: The Two Towers
38.6%
quackThe Mighty Ducks
34.7%
ZuulGhostbusters
34%
EzekielPulp Fiction
27.3%
milkshakeThere Will Be Blood
20.3%

From the Vault

5-Letter Countries of Europe

by sproutcm

Geography 30s
You can score 100% with only 15 keystrokes.
Remove Ads.
Support Sporcle.
Get the best of Sporcle when you Go Orange. This ad-free experience offers more features, more stats, and more fun while also helping to support Sporcle. Thank you for becoming a member.

Show Comments

Extras

Top Quizzes Today


Score Distribution

Your Account Isn't Verified!

In order to create a playlist on Sporcle, you need to verify the email address you used during registration. Go to your Sporcle Settings to finish the process.

Report this User

Report this user for behavior that violates our Community Guidelines.

Details: